00282 a2200109 4500000002500000100001700025110001700042245003400059250001900093260003000112264003000142 nam a22 7a 4500 aSachin Kumar aSachin Kumar aSharirik Shiksha Vastunisthya aLatest edition bKhel Sahitya Kendrac2025 bKhel Sahitya Kendrac2025